Giddens y la radicación de la modernidad /

El texto se ocupa por reflexionar acerca de la teoría de Anthony Giddens sobre la modernidad, resaltar el nuevo aporte que le hace a la teoría del conocimiento y así mismo evidencia la transformación de las formas de vida que la modernidad ocaciona.WMV

Guardado en:
Bibliografiske detaljer
Hovedforfatter: López Soria, José Ignacio
Format: Texto
Fag:
Tags: Tilføj Tag
Ingen Tags, Vær først til at tagge denne postø!

MARC

LEADER 00000 a a2200000 04500
001 18238
003
040
100 |a López Soria, José Ignacio  
245 |a Giddens y la radicación de la modernidad /  |c José Ignacio López Soria 
520 |a El texto se ocupa por reflexionar acerca de la teoría de Anthony Giddens sobre la modernidad, resaltar el nuevo aporte que le hace a la teoría del conocimiento y así mismo evidencia la transformación de las formas de vida que la modernidad ocaciona.WMV  
650 |a CONOCIMIENTO  
650 |a TEORIA DEL CONOCIMIENTO  
650 |a MODERNIZACION  
650 |a CAMBIO SOCIAL  
650 |a CAMBIO CULTURAL  
773 |g número 86; páginas 97-110  
999 |c 30099  |d 30099